LEADER 01013nam0-22003491i-450- 001 990006235170403321 005 20130723130541.0 010 $a88-14-05268-9 035 $a000623517 035 $aFED01000623517 035 $a(Aleph)000623517FED01 035 $a000623517 100 $a20130723d1995----km-y0itay50------ba 101 0 $aita 102 $aIT 105 $ay-------001yy 200 1 $a<>ordinamento sportivo nella giurisprudenza$fVittorio Frattarolo 210 $aMilano$cGiuffrè$d1995 215 $aIX, 604 p.$d24 cm 225 1 $aRaccolta sistematica di giurisprudenza commentata$v35 676 $a344.099$v20$zita 676 $a340.03 700 1$aFrattarolo,$bVittorio$0229545 801 0$aIT$bUNINA$gRICA$2UNIMARC 901 $aBK 912 $a990006235170403321 952 $aCOLLEZIONE 257 BIS (35)$b28040*$fFGBC 952 $a2-C-IV-35-35-BIS$b8050$fDDCP 959 $aFGBC 959 $aDDCP 996 $aOrdinamento sportivo nella giurisprudenza$9636350 997 $aUNINA LEADER 01041nam0-22003131i-450- 001 990003011630403321 005 20130213103129.0 035 $a000301163 035 $aFED01000301163 035 $a(Aleph)000301163FED01 035 $a000301163 100 $a20030910d1987----km-y0itay50------ba 101 0 $aita 102 $aIT 200 1 $aAppendice agli atti del Convegno sul futuro del sistema pensionistico italiano$eRoma, 13-14 febbraio 1987$fIstituto nazionale della previdenza sociale 210 $aRoma$cIstituto nazionale della previdenza sociale$d1987 215 $a241 p.$d24 cm 610 0 $aPensioni$aItalia 710 02$aIstituto nazionale della previdenza sociale$0102615 801 0$aIT$bUNINA$gRICA$2UNIMARC 901 $aBK 912 $a990003011630403321 952 $aM/4.25 INP/1$b5946$fSES 952 $aI4.63.2$b8056$fDECTS 952 $aD 302$bs.i.$fDSS 959 $aSES 959 $aDECTS 996 $aAppendice agli atti del convegno sul futuro del sistema pensionistico italiano$9163789 997 $aUNINA LEADER 00849nam2-22003011i-450- 001 990000226110403321 035 $a000022611 035 $aFED01000022611 035 $a(Aleph)000022611FED01 035 $a000022611 100 $a20011111d--------km-y0itay50------ba 101 0 $aita 105 $ay-------001yy 200 1 $a1. : General principles, fastenings, andtransmissive machinery. XVI, 459 p. ; ill. 205 $a4. ed. 210 $aLondon$cLongmans-Green and C.$d1894- 215 $av.$d18 cm 461 0$1001000011126$12001$a<> elements of machine design 610 0 $aMacchine$aDisegno 676 $a604.2 700 1$aUnwin,$bW. Cawthorne 801 0$aIT$bUNINA$gRICA$2UNIMARC 901 $aBK 912 $a990000226110403321 952 $a13 AR 23 A 05$b943$fFINBC 959 $aFINBC 997 $aUNINA DB $aING01